000
00394nam a22001697a 4500
003
MPLRDC
005
20220104114126.0
008
210129b ||||| |||| 00| 0 eng d
082
_a
782.886 CJG
100
_a
丘光耀编绘
245
_a
陈嘉庚画传
_c
250
_a
第一版
260
_a
_b
天地图书有限公司
_c
1991
300
_b
平
650
_a
942
_c
BK
_o
782.886 CJG
999
_c
5006
_d
4996